| 000 | 00696nam a2200217Ii 4500 | ||
|---|---|---|---|
| 001 | 17197 | ||
| 003 | CO-ViMGA | ||
| 008 | 241108s9999||||xx |||||||||||||| ||und|| | ||
| 020 | _a9789587196917 | ||
| 040 |
_aCO-ViMGA _bspa _erda _cCO-ViMGA |
||
| 041 | 0 | _aspa | |
| 082 | 0 | 4 | _a720.9861 O76f |
| 100 | 1 |
_aFernando Martínez Sanabria _946841 |
|
| 245 | 1 | 0 |
_aFernando Martínez Sanabria : _bhacia la construcción de un paisaje interior |
| 264 | 1 | _aBogotá, Colombia : Universidad Nacional de Colombia, 2010 | |
| 300 | _avolumen | ||
| 336 |
_atext _btxt _2rdacontent |
||
| 337 |
_aunmediated _bn _2rdamedia |
||
| 338 |
_avolume _bnc _2rdacarrier |
||
| 940 | _aidficha_siabuc: 16862. -- ficha_no_siabuc:17197 | ||
| 999 |
_c41411 _d41411 |
||